000 00239nam a2200109Ia 4500
008 190216s9999||||xx |||||||||||||| ||und||
100 _aNergis Dalal
245 4 _aThe Nude
260 _bOrient Paper Back
650 _aEnglish
942 _cBK
999 _c12823
_d12823